000 00708nam a2200253Ia 4500
003 OSt
005 20220928101744.0
006 a|||||r|||| 00| 0
007 ta
008 220927b |||||||| |||| 00| 0 eng d
020 _c150
024 _a103439
037 _b173, 03/12/2009, Granthlok
_cTextual
040 _aSDCL
_cSDCL
_beng
041 _2eng
_aeng
082 _aR5, P8
100 _aMegh Ramesh kuntal
_9394813
245 0 _aSaundaryamulya aur mulyankan.
260 _aNew Delhi
_bNational Publishing House
_c2008
300 _a122p.
_ccm.
650 _aHindi
_9391598
942 _hR5, P8
_cTEXL
_2CC
999 _c710420
_d710420